000 00399nam a2200157Ia 4500
005 20251231105115.0
008 251127s9999 xx 000 0 und d
020 _a1414406916 (hardcover) |
082 _a658.003
_bSON-E
100 _aSonya D. Hill
245 0 _aEncyclopedia of Management
250 _a6th ed.
260 _aDetroit
_bGale,
_c2009
650 _aManagement Sciences
942 _cBK
999 _c7115
_d7115